[Event "36th ECC Open 2021"]
[Site "Struga MKD"]
[Date "2021.09.23"]
[Round "6.18"]
[Board "2"]
[White "Kristensen, Kaare Hove"]
[Black "Andreasson, Ingvar"]
[Result "1-0"]
[WhiteTitle "IM"]
[WhiteElo "2336"]
[BlackElo "2331"]
[WhiteTeam "Nordkalotten"]
[BlackTeam "Team Pelaro Alingsas"]
[WhiteFideId "1400940"]
[BlackFideId "1700294"]
[EventDate "2021.09.18"]
[EventType "team"]

1. Nf3 Nf6 2. c4 g6 3. Nc3 Bg7 4. e4 d6 5. d4 O-O 6. Be2 e5 7. O-O Na6 8. d5 Nc5
9. Qc2 a5 10. Bg5 h6 11. Be3 b6 12. Nd2 Bg4 13. f3 Bd7 14. b3 Nh5 15. Rfe1 Bf6
16. g3 Bg5 17. Bf2 Ng7 18. Rad1 f5 19. a3 a4 20. b4 Nb3 21. Nxb3 axb3 22. Qxb3
fxe4 23. Nxe4 Ba4 24. Qd3 Bxd1 25. Bxd1 h5 26. Be2 Bh6 27. a4 Rf7 28. Kg2 Qd7
29. Ra1 Raf8 30. Bd1 Nf5 31. Ra2 h4 32. g4 h3+ 33. Kxh3 Ne3 34. Bxe3 Rxf3+ 35.
Bxf3 Rxf3+ 36. Ng3 Qh7 37. Kg2 Rxe3 38. Qf1 Bf4 39. a5 bxa5 40. bxa5 Qh4 41. Qf2
Qxg4 42. a6 Bxg3 43. hxg3 Qe4+ 44. Kh2 g5 45. Qxe3 1-0

[Event "36th ECC Open 2021"]
[Site "Struga MKD"]
[Date "2021.09.23"]
[Round "6.18"]
[Board "3"]
[White "Agrest, Inna"]
[Black "Sylvan, Jacob"]
[Result "0-1"]
[WhiteTitle "WIM"]
[BlackTitle "IM"]
[WhiteElo "2256"]
[BlackElo "2307"]
[WhiteTeam "Team Pelaro Alingsas"]
[BlackTeam "Nordkalotten"]
[WhiteFideId "1708830"]
[BlackFideId "1402137"]
[EventDate "2021.09.18"]
[EventType "team"]

1. e4 c5 2. Nf3 e6 3. d4 cxd4 4. Nxd4 Nc6 5. Nc3 Qc7 6. Be3 a6 7. Qf3 Nf6 8.
O-O-O Ne5 9. Qg3 b5 10. f4 Neg4 11. e5 Nxe3 12. Qxe3 b4 13. Ne4 Nxe4 14. Qxe4
Bb7 15. Qd3 Rd8 16. Be2 d6 17. Qg3 g6 18. f5 gxf5 19. Rhe1 Be4 20. Bxa6 Bh6+ 21.
Kb1 dxe5 22. Bb5+ Kf8 23. Qh4 Rxd4 24. Qxh6+ Ke7 25. Qg5+ Kd6 26. Rxd4+ exd4 27.
Qf4+ e5 28. Qh6+ Kc5 29. Bd3 Qd6 30. Qg7 Ra8 31. Bxe4 fxe4 32. Rxe4 f6 33. Qb7
Qa6 34. Qc7+ Kd5 35. Re1 Qxa2+ 36. Kc1 Qa7 37. Qxa7 Rxa7 38. Kd2 Ra2 39. b3 e4
40. Rf1 d3 41. Ke3 Rxc2 42. Rf5+ Ke6 43. Kxe4 d2 0-1

[Event "36th ECC Open 2021"]
[Site "Struga MKD"]
[Date "2021.09.23"]
[Round "6.18"]
[Board "4"]
[White "Hove, Esben Kjems"]
[Black "Rasti, Arvin"]
[Result "1-0"]
[WhiteTitle "FM"]
[WhiteElo "2315"]
[BlackElo "2219"]
[WhiteTeam "Nordkalotten"]
[BlackTeam "Team Pelaro Alingsas"]
[WhiteFideId "1401505"]
[BlackFideId "1741160"]
[EventDate "2021.09.18"]
[EventType "team"]

1. d4 Nf6 2. Bf4 g6 3. e3 Bg7 4. Nd2 O-O 5. Ngf3 d6 6. Be2 Nbd7 7. O-O Nh5 8.
Bg5 h6 9. Bh4 g5 10. Ne1 Nhf6 11. Bg3 e5 12. c3 Qe7 13. a4 a5 14. dxe5 dxe5 15.
Nc2 Nc5 16. Na3 Nfe4 17. Nxe4 Nxe4 18. Qc2 Bf5 19. Bd3 Nxg3 20. hxg3 Bxd3 21.
Qxd3 c6 22. e4 Rfd8 23. Qe2 Rd7 24. Rfd1 Rad8 25. Rxd7 Rxd7 26. Rd1 Rxd1+ 27.
Qxd1 Qe6 28. b3 f5 29. exf5 Qxf5 30. Nc4 e4 31. Qd8+ Kh7 32. Qxa5 Qf8 33. g4 Qe7
34. Qf5+ Kh8 35. Qg6 Bf8 36. g3 Qc5 37. Qf5 Qxf5 38. gxf5 c5 39. Nd2 1-0

[Event "36th ECC Open 2021"]
[Site "Struga MKD"]
[Date "2021.09.23"]
[Round "6.18"]
[Board "5"]
[White "Wengholm, Anders"]
[Black "Jakobsen, Peter"]
[Result "1-0"]
[BlackTitle "FM"]
[WhiteElo "2198"]
[BlackElo "2202"]
[WhiteTeam "Team Pelaro Alingsas"]
[BlackTeam "Nordkalotten"]
[WhiteFideId "1704818"]
[BlackFideId "1401440"]
[EventDate "2021.09.18"]
[EventType "team"]

1. Nf3 Nf6 2. c4 e6 3. g3 d5 4. Bg2 Be7 5. d4 O-O 6. O-O dxc4 7. Qc2 a6 8. a4
Bd7 9. Rd1 Bc6 10. Nc3 a5 11. e4 Na6 12. Ne5 Nb4 13. Qe2 Nd3 14. Nxd3 cxd3 15.
Rxd3 Rb8 16. Bf4 b6 17. Rc1 Rc8 18. Nb5 Bxb5 19. axb5 Qd7 20. Rc6 Rfd8 21. Bh3
h5 22. Kg2 Ng4 23. f3 f5 24. fxg4 hxg4 25. Bxg4 fxg4 26. Qxg4 Bf6 27. e5 Qd5+
28. Kh3 Kf7 29. Rf3 Rh8+ 30. Kg2 Qxb5 31. Qxe6+ 1-0

[Event "36th ECC Open 2021"]
[Site "Struga MKD"]
[Date "2021.09.23"]
[Round "6.18"]
[Board "6"]
[White "Noer, Martin Stampe"]
[Black "Johansson, Eva"]
[Result "1/2-1/2"]
[WhiteElo "1835"]
[BlackElo "1847"]
[WhiteTeam "Nordkalotten"]
[BlackTeam "Team Pelaro Alingsas"]
[WhiteFideId "1412221"]
[BlackFideId "1724584"]
[EventDate "2021.09.18"]
[EventType "team"]

1. d4 d6 2. Bf4 g6 3. e3 Bg7 4. Nc3 e5 5. dxe5 dxe5 6. Qxd8+ Kxd8 7. O-O-O+ Nd7
8. Bg3 f6 9. Bc4 Nh6 10. Nge2 c6 11. Rd2 Ke7 12. Rhd1 Nc5 13. b4 Ne6 14. Ne4 Nf7
15. Bxe6 Bxe6 16. Nc5 1/2-1/2

[Event "36th ECC Open 2021"]
[Site "Struga MKD"]
[Date "2021.09.23"]
[Round "6.19"]
[Board "1"]
[White "Elsness, Frode"]
[Black "Vogel, Constantin"]
[Result "1-0"]
[WhiteTitle "IM"]
[WhiteElo "2467"]
[BlackElo "2149"]
[WhiteTeam "Baerum Schakselskap"]
[BlackTeam "St Benildus"]
[WhiteFideId "1501100"]
[BlackFideId "12960071"]
[EventDate "2021.09.18"]
[EventType "team"]

1. d4 Nf6 2. c4 e6 3. g3 c5 4. d5 exd5 5. cxd5 b5 6. e4 Nxe4 7. Bg2 Nd6 8. Bf4
Qe7+ 9. Ne2 g6 10. O-O Bg7 11. Nbc3 O-O 12. Nxb5 Nxb5 13. d6 Qf6 14. Bxa8 Ba6
15. Re1 Qxb2 16. Rc1 c4 17. a4 Na3 18. Bd2 Bb7 19. Bxb7 Qxb7 20. Bc3 Nc6 21.
Bxg7 Kxg7 22. Rc3 Ne5 23. Rxa3 Qb4 24. Re3 Nd3 25. Rf1 1-0

[Event "36th ECC Open 2021"]
[Site "Struga MKD"]
[Date "2021.09.23"]
[Round "6.19"]
[Board "2"]
[White "Putar, Lara"]
[Black "Mihajlov, Sebastian"]
[Result "0-1"]
[BlackTitle "IM"]
[WhiteElo "1930"]
[BlackElo "2381"]
[WhiteTeam "St Benildus"]
[BlackTeam "Baerum Schakselskap"]
[WhiteFideId "14546604"]
[BlackFideId "1512110"]
[EventDate "2021.09.18"]
[EventType "team"]

1. d4 Nf6 2. c4 b6 3. Nf3 Bb7 4. g3 g6 5. Bg2 Bg7 6. O-O O-O 7. Nc3 Ne4 8. Qc2
Nxc3 9. bxc3 c5 10. e4 d6 11. Be3 Nd7 12. a4 e6 13. Nd2 Qc7 14. f4 e5 15. d5
exf4 16. gxf4 Rfe8 17. Bf2 Nf6 18. Qd3 Ba6 19. Rae1 Nh5 20. Bg3 Nxg3 21. Qxg3
Rad8 22. f5 Qe7 23. Re2 Qe5 24. Qh3 Qxc3 25. Rf3 Qd4+ 26. Ref2 Bc8 27. Qh4 gxf5
28. Nb3 Qxe4 29. Qh5 Qg4 30. Qxg4 fxg4 31. Rxf7 Re3 32. Nd2 Bd4 33. Kf1 Rde8 34.
Be4 R3xe4 35. Nxe4 Bxf2 36. Nxd6 g3 37. Kg2 Re2 38. hxg3 Bd4+ 39. Kf1 Ra2 40.
Rxa7 Bg4 41. Ra6 Bf2 42. Kg2 Be3+ 0-1

[Event "36th ECC Open 2021"]
[Site "Struga MKD"]
[Date "2021.09.23"]
[Round "6.19"]
[Board "3"]
[White "Mihajlov, Svetoslav"]
[Black "Healy, John"]
[Result "1/2-1/2"]
[WhiteTitle "CM"]
[WhiteElo "2167"]
[BlackElo "1889"]
[WhiteTeam "Baerum Schakselskap"]
[BlackTeam "St Benildus"]
[WhiteFideId "1507168"]
[BlackFideId "2500965"]
[EventDate "2021.09.18"]
[EventType "team"]

1. e4 c5 2. Nf3 a6 3. c3 d5 4. exd5 Qxd5 5. d4 Nf6 6. Be2 e6 7. O-O cxd4 8. cxd4
Nc6 9. Nc3 Qd6 10. Bg5 Be7 11. a3 O-O 12. Qd2 Rd8 13. Rad1 Nd5 14. Ne4 Qc7 15.
Bxe7 Qxe7 16. Ne5 Bd7 17. f4 Be8 18. Bf3 f6 19. Nxc6 Bxc6 20. Rfe1 Re8 21. g3 b6
22. Rc1 Bb7 23. Qg2 Qd7 24. Nc3 Rad8 25. Nxd5 Bxd5 26. Bxd5 Qxd5 27. Qxd5 Rxd5
28. Rc6 Kf7 29. Rxb6 Rxd4 30. Re2 a5 31. Kf2 Rd5 32. Ke3 e5 33. f5 g6 34. g4
gxf5 35. gxf5 Re7 36. Rc2 Red7 37. Rb3 Rd4 38. Rbc3 Rf4 39. Rc7 Ke7 40. R2c5 a4
41. Rc4 Rxf5 1/2-1/2

[Event "36th ECC Open 2021"]
[Site "Struga MKD"]
[Date "2021.09.23"]
[Round "6.19"]
[Board "4"]
[White "Burke, Kevin A."]
[Black "Darnell, Anton"]
[Result "0-1"]
[WhiteElo "1883"]
[BlackElo "2006"]
[WhiteTeam "St Benildus"]
[BlackTeam "Baerum Schakselskap"]
[WhiteFideId "2501520"]
[BlackFideId "1720244"]
[EventDate "2021.09.18"]
[EventType "team"]

1. e4 e5 2. f4 exf4 3. Bc4 c6 4. d4 d5 5. exd5 cxd5 6. Bb3 Bd6 7. Nc3 Nf6 8. Nf3
Nc6 9. O-O O-O 10. Nxd5 Nxd5 11. Bxd5 Bg4 12. c3 Qc7 13. Qd3 Ne7 14. Bb3 Ng6 15.
Ng5 Qe7 16. h4 Be2 17. Qf5 Bxf1 18. h5 Bd3 19. Qxd3 Qxg5 20. hxg6 Qxg6 21. Qf3
Qg3 22. Bd2 Qxf3 23. gxf3 Rfe8 24. Kf2 h6 25. Rg1 g5 26. Rh1 Kg7 27. c4 Rad8 28.
Bc3 b6 29. Bc2 f6 30. Be4 Rc8 31. b3 a5 32. a4 Rf8 33. Ke2 f5 34. Bb7 Rc7 35.
d5+ Kg6 36. Bc6 Re7+ 37. Kd2 Bc5 38. Rf1 Rd8 39. Rh1 Re3 40. Rf1 Rd6 41. Bb5 h5
42. Bc6 h4 0-1

[Event "36th ECC Open 2021"]
[Site "Struga MKD"]
[Date "2021.09.23"]
[Round "6.19"]
[Board "5"]
[White "Hestvik, Elias"]
[Black "Novak, Vjekoslav"]
[Result "0-1"]
[WhiteElo "1860"]
[BlackElo "1721"]
[WhiteTeam "Baerum Schakselskap"]
[BlackTeam "St Benildus"]
[WhiteFideId "1534904"]
[BlackFideId "14511584"]
[EventDate "2021.09.18"]
[EventType "team"]

1. c4 f5 2. Nc3 Nf6 3. g3 e6 4. Bg2 c6 5. Nf3 d5 6. d4 Bd6 7. c5 Bc7 8. O-O O-O
9. b4 Nbd7 10. Bf4 Bxf4 11. gxf4 Ne4 12. Qc2 Rf6 13. a4 Rh6 14. b5 Ndf6 15. Ne5
Ng4 16. Nxe4 dxe4 17. Nxg4 fxg4 18. Qxe4 Qh4 19. Rfb1 Qxh2+ 20. Kf1 Bd7 21. Ra3
Rf8 22. Rg3 Rhf6 23. e3 Qh5 24. Ke2 Qf7 25. Rh1 h6 26. Qd3 e5 27. dxe5 Qa2+ 28.
Qd2 Qc4+ 29. Ke1 R6f7 30. bxc6 bxc6 31. Bf1 Qxa4 32. Bd3 Be6 33. Qc2 Qa1+ 34.
Qb1 Qxb1+ 35. Bxb1 Rd7 36. f5 Rfd8 37. Bc2 Bxf5 38. Bxf5 Rd1+ 0-1

[Event "36th ECC Open 2021"]
[Site "Struga MKD"]
[Date "2021.09.23"]
[Round "6.19"]
[Board "6"]
[White "Cooney, Brendan"]
[Black "Bjugn, Gisle"]
[Result "1/2-1/2"]
[WhiteElo "1818"]
[BlackElo "1867"]
[WhiteTeam "St Benildus"]
[BlackTeam "Baerum Schakselskap"]
[WhiteFideId "2508702"]
[BlackFideId "1516752"]
[EventDate "2021.09.18"]
[EventType "team"]

1. e4 c6 2. d4 d5 3. Nc3 dxe4 4. Bc4 Nf6 5. f3 Bf5 6. g4 Bg6 7. g5 Nd5 8. fxe4
Nxc3 9. bxc3 Bxe4 10. Nf3 Bd5 11. Bd3 e6 12. O-O Bd6 13. c4 Bxf3 14. Qxf3 Qe7
15. d5 g6 16. dxe6 O-O 17. exf7+ Rxf7 18. Qxf7+ Qxf7 19. Rxf7 Kxf7 20. Bb2 Nd7
21. Rf1+ Kg8 22. Kg2 Bc5 23. h4 Re8 24. Bc3 Nf8 25. Re1 Rxe1 26. Bxe1 Kf7 27.
Kg3 Ne6 28. Bd2 Nd4 29. Kg4 Ne6 30. h5 a6 31. h6 1/2-1/2

[Event "36th ECC Open 2021"]
[Site "Struga MKD"]
[Date "2021.09.24"]
[Round "7.1"]
[Board "1"]
[White "Svidler, Peter"]
[Black "Berkes, Ferenc"]
[Result "1/2-1/2"]
[WhiteTitle "GM"]
[BlackTitle "GM"]
[WhiteElo "2701"]
[BlackElo "2671"]
[WhiteTeam "Mednyi Vsadnik"]
[BlackTeam "Team XtraCon"]
[WhiteFideId "4102142"]
[BlackFideId "718572"]
[EventDate "2021.09.18"]
[EventType "team"]

1. e4 d6 2. d4 Nf6 3. Nc3 e5 4. Nf3 Nbd7 5. Bc4 Be7 6. O-O O-O 7. a4 c6 8. Re1
h6 9. h3 Re8 10. a5 exd4 11. Nxd4 Bf8 12. Bf4 Nc5 13. Qf3 Bd7 14. e5 d5 15. exf6
Qxf6 16. Bxd5 cxd5 17. Rxe8 Bxe8 18. Be3 Qxf3 19. Nxf3 Bc6 20. Rd1 Na4 21. Nxa4
Bxa4 22. b3 Bc6 23. Ne5 a6 24. Nxc6 bxc6 25. c4 dxc4 26. bxc4 Bb4 27. Bb6 Re8
28. Kf1 h5 29. g3 f6 30. Rd7 Re1+ 31. Kg2 Ra1 32. Rc7 Bxa5 33. Rxc6 Bxb6 34.
Rxb6 Rc1 1/2-1/2

[Event "36th ECC Open 2021"]
[Site "Struga MKD"]
[Date "2021.09.24"]
[Round "7.1"]
[Board "2"]
[White "Banusz, Tamas"]
[Black "Esipenko, Andrey"]
[Result "1/2-1/2"]
[WhiteTitle "GM"]
[BlackTitle "GM"]
[WhiteElo "2641"]
[BlackElo "2720"]
[WhiteTeam "Team XtraCon"]
[BlackTeam "Mednyi Vsadnik"]
[WhiteFideId "722413"]
[BlackFideId "24175439"]
[EventDate "2021.09.18"]
[EventType "team"]

1. Nf3 Nf6 2. g3 b5 3. Bg2 Bb7 4. Na3 b4 5. Nc4 a5 6. O-O e6 7. d3 Be7 8. e4 O-O
9. e5 Nd5 10. Qe2 d6 11. h4 Nd7 12. Re1 N5b6 13. Bf4 dxe5 14. Nfxe5 Bxg2 15.
Kxg2 Nxe5 16. Bxe5 Qd5+ 17. Qe4 Qxe4+ 18. Rxe4 Nd5 19. a4 bxa3 20. Nxa3 Rfb8 21.
Nc4 a4 22. h5 f6 23. Bf4 Kf7 24. Rae1 Ra6 25. Bc1 Rc6 26. g4 h6 27. f4 Nb6 28.
Ne3 Bc5 29. d4 Bd6 30. Kf3 Nd5 31. Nxd5 exd5 32. R4e2 Rb4 33. c3 Rb3 34. g5 hxg5
35. fxg5 fxg5 36. Kg4 a3 37. Rf1+ Kg8 38. bxa3 Rb1 39. Rfe1 Rxc3 40. Bxg5 Rxe1
41. Rxe1 Rd3 42. Be7 Rxd4+ 43. Kf5 Bxe7 44. Rxe7 c5 45. Rc7 c4 46. a4 Kh7 47. a5
Rd1 48. Ke5 Ra1 49. Kxd5 Rxa5+ 50. Kxc4 Rxh5 51. Kd4 Rf5 52. Ke4 Rf1 53. Rc3 Kg6
54. Rg3+ Kf6 55. Ke3 g6 56. Ke2 Rf4 57. Ke3 Rf5 58. Ke2 Rf4 59. Ke3 Rf1 60. Ke2
Rf5 61. Ke3 Rg5 62. Rf3+ Ke5 63. Rf8 Rf5 64. Rxf5+ Kxf5 65. Kf3 Kg5 66. Kg3 Kf5 1/2-1/2

[Event "36th ECC Open 2021"]
[Site "Struga MKD"]
[Date "2021.09.24"]
[Round "7.1"]
[Board "3"]
[White "Fedoseev, Vladimir3"]
[Black "Papp, Gabor1"]
[Result "1/2-1/2"]
[WhiteTitle "GM"]
[BlackTitle "GM"]
[WhiteElo "2708"]
[BlackElo "2599"]
[WhiteTeam "Mednyi Vsadnik"]
[BlackTeam "Team XtraCon"]
[WhiteFideId "24130737"]
[BlackFideId "718602"]
[EventDate "2021.09.18"]
[EventType "team"]

1. e4 c5 2. Nf3 e6 3. d4 cxd4 4. Nxd4 Nf6 5. Nc3 Nc6 6. Nxc6 bxc6 7. e5 Nd5 8.
Ne4 Qc7 9. f4 Qb6 10. c4 Bb4+ 11. Ke2 f5 12. Nf2 Ba6 13. Kf3 Ne7 14. Be3 Bc5 15.
Bxc5 Qxc5 16. Qd6 Qb6 17. b3 c5 18. Rd1 Bb7+ 19. Ke3 Kf7 20. Qxb6 axb6 21. Rxd7
Bc6 22. Rd2 Ra3 23. Nd3 Rd8 24. Rg1 Be4 25. g3 Bxd3 26. Bxd3 Nc6 27. g4 g6 28.
gxf5 exf5 29. h4 Rd4 30. h5 Nb4 31. Rgg2 b5 32. Bf1 Re4+ 33. Kf2 Rxf4+ 34. Kg1
bxc4 35. Bxc4+ Ke7 36. hxg6 hxg6 37. Rxg6 Rg4+ 38. Rxg4 fxg4 39. e6 Rxa2 40.
Rd7+ Kf6 41. Rf7+ Kg6 42. Rc7 Kf6 43. Rf7+ Kg6 44. Rb7 Kf6 45. e7 Ra1+ 46. Kf2
g3+ 47. Ke2 g2 48. e8=Q Re1+ 49. Kxe1 g1=Q+ 50. Bf1 Qg3+ 51. Kd2 Qg5+ 52. Qe3
Qd5+ 53. Bd3 Qg2+ 54. Be2 Qxb7 55. Qh6+ Kf5 56. Qf8+ Kg6 57. Qd6+ Kh7 58. Qxc5
Qd5+ 59. Qxd5 Nxd5 60. Kd3 Kg7 61. Kd4 Nb4 62. Kc4 Na2 63. Bd3 Kf6 64. Bb1 Nc1
65. b4 Ke7 66. Kb5 Kd7 67. Ka6 Ne2 68. b5 Nc3 69. b6 Na4 70. b7 Nc5+ 71. Kb6
Nxb7 72. Kxb7 1/2-1/2

[Event "36th ECC Open 2021"]
[Site "Struga MKD"]
[Date "2021.09.24"]
[Round "7.1"]
[Board "4"]
[White "Thybo, Jesper Sondergaard"]
[Black "Alekseenko, Kirill"]
[Result "1/2-1/2"]
[WhiteTitle "GM"]
[BlackTitle "GM"]
[WhiteElo "2587"]
[BlackElo "2693"]
[WhiteTeam "Team XtraCon"]
[BlackTeam "Mednyi Vsadnik"]
[WhiteFideId "1438832"]
[BlackFideId "4135539"]
[EventDate "2021.09.18"]
[EventType "team"]

1. d4 Nf6 2. c4 e6 3. g3 Bb4+ 4. Bd2 Be7 5. Bg2 d5 6. Nf3 O-O 7. O-O Nbd7 8. Qc2
c6 9. Bf4 a5 10. Rd1 Nh5 11. Bc1 f5 12. b3 Nhf6 13. Ba3 b5 14. Bxe7 Qxe7 15.
Nbd2 Ne4 16. cxd5 cxd5 17. Qc7 Qf7 18. Ne5 Nxe5 19. Qxe5 Nc3 20. Rdc1 b4 21. Nb1
Ne4 22. f3 Nf6 23. Nd2 Bd7 24. Rc7 Qe7 25. Bh3 Ne8 26. Rc5 Nd6 27. Rac1 Nf7 28.
Qe3 Rfe8 29. f4 Nd6 30. Qe5 Nb5 31. Nf3 Nc3 32. a4 Rac8 33. Rxc8 Rxc8 34. Kf1
Qe8 35. g4 fxg4 36. Bxg4 Qg6 37. h3 Rf8 38. Kf2 Qf6 39. Ke3 Kh8 40. Rg1 Rc8 41.
Rc1 Qg6 42. Ne1 Qe4+ 43. Qxe4 dxe4 44. Kd2 g6 45. h4 Rf8 46. Ng2 h5 47. Bh3 Kg7
48. Rg1 Nd5 49. Rc1 Nc3 50. Rg1 Nd5 51. Rc1 1/2-1/2

[Event "36th ECC Open 2021"]
[Site "Struga MKD"]
[Date "2021.09.24"]
[Round "7.1"]
[Board "5"]
[White "Matlakov, Maxim"]
[Black "Rozentalis, Eduardas"]
[Result "1-0"]
[WhiteTitle "GM"]
[BlackTitle "GM"]
[WhiteElo "2683"]
[BlackElo "2509"]
[WhiteTeam "Mednyi Vsadnik"]
[BlackTeam "Team XtraCon"]
[WhiteFideId "4168003"]
[BlackFideId "12800023"]
[EventDate "2021.09.18"]
[EventType "team"]

1. e4 Nf6 2. e5 Nd5 3. d4 d6 4. Nf3 dxe5 5. Nxe5 c6 6. Be2 Nd7 7. Nf3 g6 8. O-O
Bg7 9. c4 Nc7 10. Nc3 O-O 11. Bg5 Nf6 12. Re1 Bg4 13. h3 Bxf3 14. Bxf3 Qd7 15.
Qd2 Rfd8 16. Rad1 Ne6 17. Be3 Rac8 18. d5 cxd5 19. Nxd5 Nxd5 20. Bxd5 Qc7 21.
Qe2 Nf8 22. c5 e6 23. Bf3 Nd7 24. Bg5 Re8 25. b4 Ne5 26. Be4 a5 27. b5 Qxc5 28.
Bxb7 Rb8 29. Be3 Qc4 30. Ba6 Qxe2 31. Rxe2 Nc4 32. Ba7 Ra8 33. Rd7 Be5 34. Rc2
Bb8 35. Bc5 Ne5 36. Rdd2 Ba7 37. f4 1-0

[Event "36th ECC Open 2021"]
[Site "Struga MKD"]
[Date "2021.09.24"]
[Round "7.2"]
[Board "2"]
[White "Shirov, Alexei"]
[Black "Wojtaszek, Radoslaw"]
[Result "1/2-1/2"]
[WhiteTitle "GM"]
[BlackTitle "GM"]
[WhiteElo "2652"]
[BlackElo "2698"]
[WhiteTeam "Silla-Valencia Origin of Chess"]
[BlackTeam "AVE Novy Bor"]
[WhiteFideId "2209390"]
[BlackFideId "1118358"]
[EventDate "2021.09.18"]
[EventType "team"]

1. e4 e5 2. Nf3 Nc6 3. Bb5 a6 4. Ba4 Nf6 5. O-O Be7 6. d3 b5 7. Bb3 d6 8. a4 b4
9. Nbd2 O-O 10. c3 Rb8 11. Nc4 bxc3 12. bxc3 Be6 13. Ba2 h6 14. Re1 Qc8 15. Ba3
Re8 16. d4 exd4 17. Nxd4 Nxd4 18. cxd4 d5 19. Bxe7 Rxe7 20. Na5 c6 21. e5 Nd7
22. Rc1 c5 23. dxc5 Nxc5 24. Bxd5 Rd7 25. Nc6 Qf8 26. Rxc5 Qxc5 27. Nxb8 Rxd5
28. Qc1 Qb6 29. Qb1 Rxe5 30. Rf1 Qd6 31. Nxa6 Rh5 32. Qb8+ Qxb8 33. Nxb8 Ra5 34.
Ra1 Ra8 35. Nc6 Bd7 36. Ne5 Rxa4 37. Rxa4 1/2-1/2

[Event "36th ECC Open 2021"]
[Site "Struga MKD"]
[Date "2021.09.24"]
[Round "7.3"]
[Board "2"]
[White "Shankland, Sam"]
[Black "Shevchenko, Kirill"]
[Result "1/2-1/2"]
[WhiteTitle "GM"]
[BlackTitle "GM"]
[WhiteElo "2720"]
[BlackElo "2633"]
[WhiteTeam "Alkaloid"]
[BlackTeam "Vugar Gashimov"]
[WhiteFideId "2004887"]
[BlackFideId "14129574"]
[EventDate "2021.09.18"]
[EventType "team"]

1. e4 c5 2. Nf3 Nc6 3. d4 cxd4 4. Nxd4 Nf6 5. Nc3 d6 6. Bg5 e6 7. Qd2 a6 8.
O-O-O Bd7 9. f3 Nxd4 10. Qxd4 Be7 11. h4 b5 12. Kb1 Qc7 13. Qd2 h6 14. Be3 h5
15. Bg5 b4 16. Ne2 Rb8 17. Nf4 Bb5 18. Rc1 Bxf1 19. Rhxf1 Nd7 20. c4 Nc5 21.
Rfd1 Rb6 22. Nd3 a5 23. Nxc5 dxc5 24. e5 Rb7 25. Qe2 f6 26. exf6 gxf6 27. Qxe6
Rb6 28. Bf4 Rxe6 29. Bxc7 a4 30. Re1 Kf7 31. Rxe6 Kxe6 32. Re1+ Kf7 33. b3 axb3
34. axb3 f5 35. g3 Bf6 36. Re3 Bd4 37. Rd3 Re8 38. Bf4 Re1+ 39. Kc2 Rg1 40. Rd1
Rg2+ 41. Rd2 Rg1 42. Rd1 1/2-1/2

[Event "36th ECC Open 2021"]
[Site "Struga MKD"]
[Date "2021.09.24"]
[Round "7.3"]
[Board "5"]
[White "Sadikhov, Ulvi"]
[Black "Inarkiev, Ernesto"]
[Result "1-0"]
[WhiteTitle "GM"]
[BlackTitle "GM"]
[WhiteElo "2509"]
[BlackElo "2663"]
[WhiteTeam "Vugar Gashimov"]
[BlackTeam "Alkaloid"]
[WhiteFideId "13401416"]
[BlackFideId "4162722"]
[EventDate "2021.09.18"]
[EventType "team"]

1. c4 e5 2. d3 Ne7 3. Nc3 d5 4. cxd5 Nxd5 5. Nf3 Nc6 6. e3 Be6 7. Be2 Be7 8. O-O
f5 9. a3 Bf6 10. Qc2 Qd6 11. Nxd5 Qxd5 12. e4 Qd7 13. b4 a6 14. Bb2 O-O 15. Rac1
Rac8 16. Qb1 Rfe8 17. Rfd1 Kh8 18. d4 exd4 19. b5 axb5 20. Bxb5 Bb3 21. Rxd4 Qf7
22. Bxc6 bxc6 23. e5 Bxe5 24. Nxe5 Rxe5 25. Rb4 Ba2 26. Qc2 Re6 27. Rf4 Rf8 28.
a4 Bd5 29. a5 Rfe8 30. Qc3 Qg6 31. g3 h6 32. Rf1 Kh7 33. a6 Ra8 34. Qa5 Re7 35.
a7 Qh5 36. h4 Qe2 37. Qc5 Rf7 38. Qd4 Kg6 39. Bc3 Re7 40. g4 fxg4 41. Rxg4+ Kh5
42. Rg3 Qe4 43. Qd1+ Qe2 44. Qd4 Qe4 45. Qd1+ Qe2 46. Qc1 Qe4 47. Kh2 Rf7 48.
Qd1+ Rf3 49. Re1 Qf4 50. Re3 Rxa7 51. Rxf3 Bxf3 52. Qxf3+ Qxf3 53. Rxf3 g6 54.
Rf4 Ra2 55. Kg3 Rc2 56. Rc4 Rc1 57. Rc5+ g5 58. hxg5 Rg1+ 59. Kf3 Rxg5 60. Rxc6
Rf5+ 61. Ke3 Rb5 62. Rxc7 Kg4 63. Ke4 h5 64. Rg7+ Kh3 65. f4 Rb3 66. Bd4 Rb1 67.
f5 Re1+ 68. Be3 Rf1 69. Rg1 1-0

[Event "36th ECC Open 2021"]
[Site "Struga MKD"]
[Date "2021.09.24"]
[Round "7.4"]
[Board "6"]
[White "Kornev, Alexei"]
[Black "Haarr, Jon Kristian"]
[Result "1-0"]
[WhiteTitle "GM"]
[BlackTitle "CM"]
[WhiteElo "2500"]
[BlackElo "2162"]
[WhiteTeam "KPRF"]
[BlackTeam "Offerspill Chess Club"]
[WhiteFideId "4120949"]
[BlackFideId "1505963"]
[EventDate "2021.09.18"]
[EventType "team"]

1. Nf3 c5 2. c4 Nc6 3. d4 cxd4 4. Nxd4 Nf6 5. Nc3 d5 6. cxd5 Nxd5 7. Nxc6 bxc6
8. Bd2 g6 9. Qa4 Nb6 10. Qxc6+ Bd7 11. Qe4 Bg7 12. e3 O-O 13. Rd1 Bf5 14. Qf3
Qc8 15. Be2 Nc4 16. Nd5 Re8 17. Bxc4 Qxc4 18. Nxe7+ Kh8 19. Nxf5 gxf5 20. Rc1
Qxa2 21. Bc3 Bxc3+ 22. bxc3 Qc4 23. Qxf5 Re6 24. Qc2 Rb8 25. Qd2 Kg8 26. Qd4 Qa6
27. c4 Rd6 28. Qc3 Rc8 29. O-O Rdc6 30. Ra1 Qb7 31. Ra4 Qd7 32. Qa1 Rg6 33. Qd1
Qh3 34. Qd5 Kh8 35. g3 Rh6 36. Qg2 Qd7 37. Rfa1 a6 38. Rxa6 Rxa6 39. Rxa6 Rxc4
40. Qf3 Kg8 41. Kg2 Rc1 42. Ra5 h6 43. Qd5 Qg4 44. Ra8+ Rc8 45. h3 1-0